00477nam a22001337a 4500003000500000005001700005008004100022038001800063082001400081100002000095245016600115260003100281710003100312NUST20200116154501.0200116b ||||| |||| 00| 0 eng d aNusrat Nadeem a519.4 KHI a Haroon Khishfa aMS Thesis: Computational Analysis on the Metal-Binding Pterin(MPT) From Cyclic Pyranopterin Monophosphate (CPMP) Molybdenum Cofactor BiosynthesiscKhishfa Haroon aIslamabadbRCMS NUSTc2019 4Dr.Uzma Habib [Supervisor]